| 000 | 00728nam a2200241 a 4500 | ||
|---|---|---|---|
| 003 | MX-MxUPN | ||
| 005 | 20250115083309.0 | ||
| 008 | 991125n1920 mx jr 000 0 spa d | ||
| 035 | _aUPN01000013267 | ||
| 040 |
_aMX-MxUPN _bspa _cMX-MxUPN |
||
| 041 | _aspa | ||
| 050 | 0 | 4 |
_aPC4065 _bL63 |
| 100 | 1 |
_aLoureda, Ignacio _952215 |
|
| 245 | 1 | 0 | _aCurso teórico-práctico de lengua española |
| 260 |
_aMéxico : _bAndrés Botas e hijo editores, _c[1920] |
||
| 300 | _a208 páginas | ||
| 500 | _a"Obra de texto en los mencionados cursos libres" | ||
| 650 | 4 |
_aEspañol _xEstudio y enseñanza _97357 |
|
| 650 | 4 |
_aEspañol _917036 _vLibros de texto |
|
| 902 | _bMaríaRobles/310524 | ||
| 905 | _aLibro | ||
| 942 |
_2lcc _cLIBRO _n0 |
||
| 999 |
_c13267 _d13267 |
||